=LDR 00000nam 2200000 4500 =001 INLIS000000000020464 =005 20130612115417 =008 ***********************************Ind** =035 ##$$0010-061300000020464 =041 ##$$a Ind =082 ##$$a 629.23 =090 ##$$a 629.23, Dar p =100 ##$$a Daryanto =245 ##$$a Peralatan instrumen otomotif, buku acuan untuk siswa SMK, oleh Drs. Daryanto =260 ##$$a 2003 $b Jakarta =300 ##$$a viii, 155 hlm, ilus, 20 cm =650 ##$$a Mobil-Alat alat =850 ##$$a NBPNMAT